New York Big 4 Teams Quiz Stats

Quiz Updated Nov 24, 2013

Challenge
Share
Tweet
Embed
Score 0/10 Timer 01:30
0 Plays Today
League Team % Correct
MLBNew York Yankees
97.9%
NFLNew York Giants
97.6%
NFLNew York Jets
96.9%
NBANew York Knicks
95.7%
MLBNew York Mets
95.7%
NBABrooklyn Nets
92.2%
NHLNew York Rangers
90.4%
NFLBuffalo Bills
86.2%
NHLNew York Islanders
86%
NHLBuffalo Sabres
74.7%

You're not logged in!

Compare scores with friends on all Sporcle quizzes.
Sign Up with Email
OR
Log In

You Might Also Like...

Show Comments

Extras

Top Quizzes Today


Score Distribution

Your Account Isn't Verified!

In order to create a playlist on Sporcle, you need to verify the email address you used during registration. Go to your Sporcle Settings to finish the process.